[Event "Miedzynarodowy Turniej Szachowy Szachowe"]
[Site "WSUS Poznan, ul. Glogowska 26"]
[Date "2013.??.13"]
[Round "1.1"]
[White "Malaniuk, Vladimir P"]
[Black "Miedzinski, Marek"]
[Result "1-0"]
[WhiteElo "2529"]
[BlackElo "1613"]
[PlyCount "77"]
[EventDate "2013.??.??"]

1. d4 d5 2. c4 c6 3. e3 Nf6 4. Nc3 e6 5. Nf3 a6 6. b3 Bb4 7. Bd2 b5 8. Qc2 h6
9. a3 Bd6 10. e4 dxe4 11. Nxe4 Nxe4 12. Qxe4 O-O 13. Bd3 f5 14. Qe2 Qe7 15. O-O
Nd7 16. Rfe1 Rf6 17. Bc3 Nf8 18. d5 e5 19. Nxe5 cxd5 20. cxd5 Ng6 21. Nxg6 Qxe2
22. Bxe2 Rxg6 23. Bh5 Rg5 24. Re8+ Kh7 25. Bf3 Bb7 26. Rxa8 Bxa8 27. h4 Rg6 28.
Bh5 Rg4 29. Bxg4 fxg4 30. b4 Be7 31. d6 Bxh4 32. d7 Bc6 33. Rd1 Bd8 34. Rd6 Bb7
35. Re6 Bg5 36. Bf6 Bxf6 37. Rxf6 gxf6 38. d8=Q Kg6 39. Qg8+ 1-0

[Event "Miedzynarodowy Turniej Szachowy Szachowe"]
[Site "WSUS Poznan, ul. Glogowska 26"]
[Date "2013.??.??"]
[Round "1.2"]
[White "Raczynski, Krzysztof"]
[Black "Weglarz, Leszek"]
[Result "1-0"]
[WhiteElo "1595"]
[BlackElo "2224"]
[PlyCount "73"]
[EventDate "2013.??.??"]

1. e4 c5 2. Nf3 Nc6 3. d4 cxd4 4. Nxd4 Nf6 5. Nc3 d6 6. f3 e5 7. Nb3 Be6 8. Be3
d5 9. exd5 Nxd5 10. Nxd5 Bxd5 11. Bd3 Be7 12. O-O O-O 13. Qe2 Qc7 14. Rad1 Rad8
15. c4 Be6 16. f4 Nb4 17. f5 Rxd3 18. fxe6 Rxd1 19. exf7+ Rxf7 20. Rxd1 Nxa2
21. c5 Nb4 22. Qc4 Nc6 23. Qe6 Bf6 24. Nd2 Qd7 25. Qd6 Qg4 26. Nf1 Nd4 27. Ra1
Nf5 28. Qb8+ Rf8 29. Qxb7 Nxe3 30. Nxe3 Qd4 31. Qd5+ Kh8 32. Qxd4 exd4 33. Nd5
Bg5 34. Rxa7 d3 35. c6 Bc1 36. Rb7 Bf4 37. Nxf4 1-0

[Event "Miedzynarodowy Turniej Szachowy Szachowe"]
[Site "WSUS Poznan, ul. Glogowska 26"]
[Date "2013.??.??"]
[Round "1.3"]
[White "Meczynski, Waldemar"]
[Black "Baranowski, Adam"]
[Result "0-1"]
[WhiteElo "2159"]
[BlackElo "1595"]
[PlyCount "74"]
[EventDate "2013.??.??"]

1. e4 e5 2. Nf3 Nc6 3. Bb5 f5 4. d3 Nf6 5. exf5 d6 6. Bg5 Bxf5 7. Nc3 Be7 8.
Qd2 O-O 9. O-O-O Be6 10. d4 Nxd4 11. Nxd4 exd4 12. Qxd4 c6 13. Bd3 d5 14. Rhe1
Bd7 15. Qh4 h6 16. Bxh6 gxh6 17. Qxh6 Rf7 18. f4 Ng4 19. Qh5 Nf6 20. Qh6 Rg7
21. h3 Bd6 22. g4 Qf8 23. f5 Rh7 24. Qe3 b6 25. g5 Nh5 26. Qf3 Nf4 27. f6 Rxh3
28. Qf1 Re8 29. Ne2 Nxd3+ 30. cxd3 Qf7 31. Nf4 Rxe1 32. Rxe1 Rh4 33. Ne6 Bxe6
34. g6 Bf4+ 35. Kb1 Qxf6 36. Qe2 Bd7 37. Rf1 Kg7 0-1

[Event "Miedzynarodowy Turniej Szachowy Szachowe"]
[Site "WSUS Poznan, ul. Glogowska 26"]
[Date "2013.??.??"]
[Round "1.4"]
[White "Hoffmann, Kacper"]
[Black "Bartkowiak, Damian"]
[Result "0-1"]
[WhiteElo "1584"]
[BlackElo "2152"]
[PlyCount "46"]
[EventDate "2013.??.??"]

1. Nc3 d5 2. e4 d4 3. Nce2 e5 4. Ng3 Be6 5. Nf3 Nd7 6. Bb5 c6 7. Ba4 h5 8. h4
Be7 9. Ng5 Bg4 10. f3 Bxg5 11. hxg5 Be6 12. Nxh5 Qxg5 13. Nf6+ gxf6 14. Rxh8
Qg7 15. Rh5 Nc5 16. Bb3 Nxe4 17. Bxe6 Qg3+ 18. Ke2 Qxg2+ 19. Kd3 Nf2+ 20. Kc4
Nxd1 21. Bg4 Nf2 22. Rh8 Ke7 23. b3 Nxg4 0-1

[Event "Miedzynarodowy Turniej Szachowy Szachowe"]
[Site "WSUS Poznan, ul. Glogowska 26"]
[Date "2013.??.??"]
[Round "1.5"]
[White "Zakrzewski, Marek"]
[Black "Nawrocki, Arkadiusz"]
[Result "1-0"]
[WhiteElo "2126"]
[BlackElo "1576"]
[PlyCount "47"]
[EventDate "2013.??.??"]

1. e4 c6 2. d4 d5 3. f3 e6 4. Nc3 Bb4 5. Nge2 dxe4 6. fxe4 Qh4+ 7. Ng3 Nf6 8.
Qf3 Nbd7 9. a3 Ba5 10. Bf4 O-O 11. Bd6 Re8 12. O-O-O e5 13. d5 Nxd5 14. Nxd5
Qh6+ 15. Kb1 Qxd6 16. Nb6 Qxd1+ 17. Qxd1 Bxb6 18. Bc4 Nf6 19. Rf1 Bg4 20. Qd2
Rad8 21. Qg5 h6 22. Bxf7+ Kh8 23. Qg6 Rf8 24. Rxf6 1-0

[Event "Miedzynarodowy Turniej Szachowy Szachowe"]
[Site "WSUS Poznan, ul. Glogowska 26"]
[Date "2013.??.??"]
[Round "1.6"]
[White "Pawleta, Rafal"]
[Black "Bednarska-bzdega, Malgorzata"]
[Result "0-1"]
[WhiteElo "1545"]
[BlackElo "2115"]
[PlyCount "54"]
[EventDate "2013.??.??"]

1. c4 Nf6 2. Nc3 d5 3. cxd5 Nxd5 4. e3 e5 5. Bc4 Nb6 6. Bb5+ c6 7. Be2 f5 8.
Nf3 e4 9. Nd4 Qg5 10. g3 Bc5 11. Nb3 Be7 12. d3 O-O 13. dxe4 fxe4 14. Qc2 Bh3
15. Bf1 Bxf1 16. Rxf1 N8d7 17. h4 Qh5 18. Qxe4 Rae8 19. Qg2 Ne5 20. Qe4 Nf3+
21. Ke2 Nh2+ 22. Ke1 Bf6 23. Qh1 Nf3+ 24. Ke2 Bxc3 25. bxc3 Nd4+ 26. Kd3 Qe2+
27. Kxd4 Qc4# 0-1

[Event "Miedzynarodowy Turniej Szachowy Szachowe"]
[Site "WSUS Poznan, ul. Glogowska 26"]
[Date "2013.??.??"]
[Round "1.7"]
[White "Swiatek, Bartosz"]
[Black "Wittig, Zenon"]
[Result "1-0"]
[WhiteElo "2065"]
[BlackElo "1541"]
[PlyCount "93"]
[EventDate "2013.??.??"]

1. e4 e5 2. Nf3 Nc6 3. Bb5 a6 4. Ba4 d6 5. c3 Bd7 6. d4 Nf6 7. Nbd2 Be7 8. h3
O-O 9. O-O Re8 10. Re1 Bf8 11. Bb3 h6 12. d5 Ne7 13. Nf1 Ng6 14. g4 Nf4 15. Kh2
Nh7 16. Ng3 Ng5 17. Ng1 Nh7 18. N1e2 g5 19. a4 Bg7 20. a5 Nf8 21. Nf5 N8g6 22.
Ba4 f6 23. Bxd7 Qxd7 24. Neg3 Kf7 25. c4 Rh8 26. b4 Rh7 27. Re3 Rah8 28. Nh5
Nxh5 29. gxh5 Nf4 30. c5 Rb8 31. Rc3 Bf8 32. Bxf4 exf4 33. Rac1 Qb5 34. Rc4
dxc5 35. bxc5 Qb2 36. R1c2 Qe5 37. d6 c6 38. d7 Rd8 39. Rb4 Bxc5 40. Rxb7 Kf8
41. f3 Qe6 42. Rxc5 Rhxd7 43. Rxd7 Rxd7 44. Qc2 Qf7 45. Rxc6 Qxh5 46. Rc8+ Kf7
47. Qc4+ 1-0

[Event "Miedzynarodowy Turniej Szachowy Szachowe"]
[Site "WSUS Poznan, ul. Glogowska 26"]
[Date "2013.??.??"]
[Round "1.8"]
[White "Adamczyk, Wieslaw"]
[Black "Sobczak, Miroslaw"]
[Result "0-1"]
[WhiteElo "1536"]
[BlackElo "2003"]
[PlyCount "82"]
[EventDate "2013.??.??"]

1. e4 c5 2. Nf3 Nc6 3. d4 cxd4 4. Nxd4 Nf6 5. Nc3 g6 6. Be3 Bg7 7. Be2 Qa5 8.
O-O O-O 9. Nb3 Qd8 10. f4 d6 11. g4 a5 12. a4 Be6 13. Nd4 Nxg4 14. Nxc6 Nxe3
15. Nxd8 Nxd1 16. Nxe6 Nxc3 17. Bc4 Rfc8 18. Bb3 Nxe4 19. Rfe1 Nd2 20. Nxg7
Nf3+ 21. Kf2 Nxe1 22. Rxe1 Rc7 23. Ne6 fxe6 24. Bxe6+ Kg7 25. c3 Rb8 26. c4 Kf6
27. Re4 Rc5 28. h4 h6 29. Bd5 e5 30. Kf3 b6 31. Ke3 Rc7 32. Kf3 Rf8 33. Kg3 Kf5
34. Kf3 Rc5 35. Bb7 Rb8 36. Bd5 b5 37. axb5 Rxd5 38. cxd5 Rxb5 39. fxe5 Rb3+
40. Re3 Rxe3+ 41. Kxe3 Kxe5 0-1

[Event "Miedzynarodowy Turniej Szachowy Szachowe"]
[Site "WSUS Poznan, ul. Glogowska 26"]
[Date "2013.??.??"]
[Round "1.9"]
[White "Stachowiak, Slawomir"]
[Black "Piechocki, Bronislaw"]
[Result "1-0"]
[WhiteElo "2000"]
[BlackElo "1533"]
[PlyCount "69"]
[EventDate "2013.??.??"]

1. e4 d6 2. d4 Nf6 3. Bd3 g6 4. Ne2 Bg7 5. O-O O-O 6. c3 c5 7. h3 cxd4 8. Nxd4
Nc6 9. Be3 Nxd4 10. Bxd4 Nd7 11. Be3 Ne5 12. Be2 Qc7 13. Nd2 a6 14. f4 Nd7 15.
Rc1 Nb6 16. b3 Be6 17. c4 Rac8 18. Qe1 Na8 19. Qg3 Qa5 20. Rc2 b5 21. f5 Bd7
22. Bd3 bxc4 23. Nxc4 Qd8 24. Rcf2 Bb5 25. Qg4 Bxc4 26. Bxc4 Nb6 27. fxg6 Nxc4
28. gxf7+ Kh8 29. bxc4 Rxc4 30. Qe6 Qc8 31. Qxe7 Rc7 32. Qxd6 Qb8 33. Qxf8+
Bxf8 34. Bd4+ Bg7 35. f8=Q+ 1-0

[Event "Miedzynarodowy Turniej Szachowy Szachowe"]
[Site "WSUS Poznan, ul. Glogowska 26"]
[Date "2013.??.13"]
[Round "1.10"]
[White "Pawlowski, Rafal"]
[Black "Kozlowski, Tomasz"]
[Result "1/2-1/2"]
[WhiteElo "1531"]
[BlackElo "1978"]
[PlyCount "97"]
[EventDate "2013.??.??"]

1. d4 d5 2. c4 c6 3. Nf3 e6 4. Nc3 Nf6 5. Bg5 Nbd7 6. e3 Qa5 7. Nd2 Bb4 8. Qc1
Ne4 9. Ndxe4 dxe4 10. Bh4 e5 11. a3 Bxc3+ 12. Qxc3 Qxc3+ 13. bxc3 f5 14. Be2
O-O 15. O-O Re8 16. d5 c5 17. a4 Nf6 18. a5 h6 19. f3 g5 20. Bf2 exf3 21. gxf3
Nd7 22. e4 f4 23. Rfb1 Kf7 24. Bd1 Rb8 25. Ba4 b6 26. Rb2 Rg8 27. Bxd7 Bxd7 28.
axb6 Rxb6 29. Rxb6 axb6 30. Ra7 Ke7 31. Rb7 Rg6 32. Kg2 Kd8 33. Ra7 g4 34. Bh4+
Kc8 35. Be7 gxf3+ 36. Kxf3 Bg4+ 37. Kf2 Kb8 38. Ra1 Bc8 39. d6 Kb7 40. Rd1 Kc6
41. Rd5 Re6 42. h4 Kd7 43. Rd1 Bb7 44. Ra1 Bxe4 45. Ra7+ Ke8 46. h5 Bc6 47. Rc7
Bd7 48. Rb7 Bc8 49. Rc7 1/2-1/2

[Event "Miedzynarodowy Turniej Szachowy Szachowe"]
[Site "WSUS Poznan, ul. Glogowska 26"]
[Date "2013.??.??"]
[Round "1.11"]
[White "Rozumek, Krzysztof"]
[Black "Kostecki, Samuel"]
[Result "1-0"]
[WhiteElo "1975"]
[BlackElo "1497"]
[PlyCount "79"]
[EventDate "2013.??.??"]

1. Nf3 c5 2. b3 Nf6 3. Bb2 g6 4. e3 Bg7 5. c4 O-O 6. Be2 Nc6 7. O-O a6 8. d4
cxd4 9. exd4 d5 10. Nbd2 Re8 11. h3 Qd6 12. Ne5 Nd7 13. f4 e6 14. Rc1 f6 15.
cxd5 Nxd4 16. Bxd4 fxe5 17. fxe5 Qxd5 18. Nf3 Nxe5 19. Bf2 Nc6 20. Bc4 Qxd1 21.
Rfxd1 b5 22. Bd3 Bb7 23. Be4 Na5 24. Bxb7 Nxb7 25. Rc7 Red8 26. Re1 Nd6 27.
Rxe6 Nf5 28. g4 Nd6 29. Bh4 Rdc8 30. Rxg7+ Kxg7 31. Rxd6 Rc1+ 32. Kf2 Rf8 33.
Bg5 Rc3 34. Be3 Rc2+ 35. Rd2 Rc6 36. Rd7+ Kg8 37. Bh6 Rc2+ 38. Kg3 Re8 39. Rg7+
Kh8 40. Ng5 1-0

[Event "Miedzynarodowy Turniej Szachowy Szachowe"]
[Site "WSUS Poznan, ul. Glogowska 26"]
[Date "2013.??.13"]
[Round "1.12"]
[White "Paliwoda, Borys"]
[Black "Niekras, Dawid"]
[Result "0-1"]
[WhiteElo "1466"]
[BlackElo "1971"]
[PlyCount "70"]
[EventDate "2013.??.??"]

1. e4 e5 2. Nf3 Nc6 3. Bc4 Nf6 4. d4 exd4 5. O-O Nxe4 6. Re1 d5 7. Bxd5 Qxd5 8.
Nc3 Qa5 9. Nxe4 Be6 10. Neg5 O-O-O 11. Nxe6 fxe6 12. Rxe6 h6 13. Qe2 Bd6 14.
Bd2 Qh5 15. h3 Qf7 16. Re1 g5 17. c3 d3 18. Qe4 Bf4 19. g3 Bxd2 20. Nxd2 Rhf8
21. Qe3 h5 22. b4 Kb8 23. b5 Na5 24. f3 Qf5 25. Kg2 g4 26. hxg4 hxg4 27. f4
Qd5+ 28. Re4 Qxa2 29. Qf2 Rh8 30. Rd4 Rxd4 31. cxd4 Qd5+ 32. Re4 Nc4 33. Nxc4
Qxe4+ 34. Kf1 Rh1+ 35. Qg1 Qe2# 0-1

[Event "Miedzynarodowy Turniej Szachowy Szachowe"]
[Site "WSUS Poznan, ul. Glogowska 26"]
[Date "2013.??.13"]
[Round "1.13"]
[White "Kozlowska, Marzena"]
[Black "Kus, Aleksander"]
[Result "1-0"]
[WhiteElo "1921"]
[BlackElo "1452"]
[PlyCount "109"]
[EventDate "2013.??.??"]

1. e4 e5 2. Nf3 Nc6 3. d4 exd4 4. Bc4 Nf6 5. e5 d5 6. Bb5 Ne4 7. Nxd4 Bd7 8.
Bxc6 Bxc6 9. Nxc6 bxc6 10. O-O Bc5 11. Nd2 Nxf2 12. Rxf2 Bxf2+ 13. Kxf2 Qh4+
14. Kg1 Qd4+ 15. Kh1 Qxe5 16. Nf3 Qe7 17. c4 Rd8 18. Qa4 O-O 19. Qxc6 Qd6 20.
Qxd6 Rxd6 21. Bf4 Rd7 22. cxd5 Rc8 23. Rc1 Rxd5 24. Rxc7 Rxc7 25. Bxc7 Rd1+ 26.
Ng1 Rb1 27. Be5 f6 28. Bc3 Kf7 29. g3 Rd1 30. Kg2 Rd7 31. Nf3 g6 32. Kf2 Rb7
33. Ke3 Re7+ 34. Kd3 Rd7+ 35. Nd4 g5 36. Kc4 Kg6 37. a4 f5 38. Nc6 Kh5 39. Bd4
a6 40. b4 Rb7 41. b5 axb5+ 42. axb5 Kg4 43. Ne5+ Kh3 44. Nf3 g4 45. Nh4 Kxh2
46. Be5 Re7 47. Bd6 Rf7 48. b6 h5 49. Kd5 Kh3 50. Bf4 Kh2 51. Kc6 Rf6+ 52. Kc7
Rf7+ 53. Kb8 Rf8+ 54. Ka7 Rf7+ 55. b7 1-0

[Event "Miedzynarodowy Turniej Szachowy Szachowe"]
[Site "WSUS Poznan, ul. Glogowska 26"]
[Date "2013.??.??"]
[Round "1.14"]
[White "Gajewski, Zbigniew"]
[Black "Glatty, Zbigniew"]
[Result "0-1"]
[WhiteElo "1439"]
[BlackElo "1915"]
[PlyCount "80"]
[EventDate "2013.??.??"]

1. e4 e5 2. Nf3 Nc6 3. d4 exd4 4. Nxd4 Nf6 5. Nxc6 bxc6 6. Bd3 d5 7. Qe2 Be7 8.
O-O O-O 9. e5 Nd7 10. f4 Nc5 11. b3 a5 12. a4 Nxd3 13. cxd3 f6 14. Bb2 fxe5 15.
Bxe5 Bf6 16. Nd2 Qe7 17. Rfe1 Ba6 18. Qe3 Bxe5 19. fxe5 c5 20. d4 Rab8 21. Rac1
Rb4 22. Rxc5 Rb6 23. Rxd5 Rg6 24. Rxa5 Qb4 25. Rc5 Rg4 26. d5 Rd4 27. Rc4 Qxd2
28. Qxd2 Rxd2 29. Rg4 Rxd5 30. e6 Re5 31. Rc1 Rxe6 32. b4 Be2 33. Rg5 Rf4 34.
h3 Re7 35. b5 Rxa4 36. b6 cxb6 37. Rc8+ Kf7 38. Rf5+ Kg6 39. g4 Bxg4 40. hxg4
Rxg4+ 0-1

[Event "Miedzynarodowy Turniej Szachowy Szachowe"]
[Site "WSUS Poznan, ul. Glogowska 26"]
[Date "2013.??.??"]
[Round "1.15"]
[White "Chojnacki, Tomasz"]
[Black "Lisiecki, Robert"]
[Result "1-0"]
[WhiteElo "1883"]
[BlackElo "1426"]
[PlyCount "45"]
[EventDate "2013.??.??"]

1. e4 c5 2. d4 cxd4 3. Nf3 e6 4. Nxd4 Nf6 5. Nc3 Bb4 6. Bd3 Nc6 7. Be3 d5 8.
exd5 Bxc3+ 9. bxc3 Nxd5 10. Nxc6 bxc6 11. Bd2 Qf6 12. O-O Nxc3 13. Qg4 Nd5 14.
Rab1 h6 15. Rb3 e5 16. Qe4 Ne7 17. Re1 Ng6 18. f4 O-O 19. fxe5 Qe6 20. Bc4 Qd7
21. Rd3 Qc7 22. Qxg6 Ba6 23. Bxh6 1-0

[Event "Miedzynarodowy Turniej Szachowy Szachowe"]
[Site "WSUS Poznan, ul. Glogowska 26"]
[Date "2013.??.??"]
[Round "1.17"]
[White "Przybylak, Lukasz"]
[Black "Piasecki, Andrzej"]
[Result "1-0"]
[WhiteElo "1871"]
[BlackElo "1356"]
[PlyCount "59"]
[EventDate "2013.??.??"]

1. e4 b6 2. Nc3 Ba6 3. Bxa6 Nxa6 4. f4 e6 5. Nf3 d5 6. exd5 exd5 7. Qe2+ Qe7 8.
Nxd5 Qxe2+ 9. Kxe2 O-O-O 10. Ne3 Bd6 11. Ne5 Bxe5 12. fxe5 Rd4 13. c3 Re4 14.
d4 f5 15. Kf3 c5 16. Nxf5 Nf6 17. Nd6+ Kc7 18. Nxe4 Nxe4 19. Kxe4 Rf8 20. Bf4
Kd7 21. d5 h6 22. e6+ Ke7 23. Ke5 Rd8 24. Rhf1 c4 25. d6+ Rxd6 26. Bg5+ hxg5
27. Rf7+ Ke8 28. Kxd6 Nc5 29. Re1 g6 30. Rxa7 1-0

[Event "Miedzynarodowy Turniej Szachowy Szachowe"]
[Site "WSUS Poznan, ul. Glogowska 26"]
[Date "2013.??.13"]
[Round "1.18"]
[White "Nowak, Adam"]
[Black "Pietrucha, Jaroslaw"]
[Result "1-0"]
[WhiteElo "1352"]
[BlackElo "1823"]
[PlyCount "47"]
[EventDate "2013.??.??"]

1. c4 e5 2. Nc3 Nc6 3. Nf3 d6 4. g3 h6 5. d4 exd4 6. Nxd4 Nxd4 7. Qxd4 Qf6 8.
Qd2 Bd7 9. b3 Bc6 10. f3 g6 11. Bb2 Bg7 12. Nd1 Qe7 13. Bxg7 Rh7 14. Bb2 Bxf3
15. Rg1 Bg4 16. Ne3 Be6 17. Bg2 c6 18. Bf3 O-O-O 19. O-O-O Nf6 20. Qc3 Nd7 21.
Ba3 Nf6 22. Rd2 g5 23. Rgd1 c5 24. Bxc5 1-0

[Event "Miedzynarodowy Turniej Szachowy Szachowe"]
[Site "WSUS Poznan, ul. Glogowska 26"]
[Date "2013.??.13"]
[Round "1.19"]
[White "Niedbala, Wojciech"]
[Black "Kostecka, Marika"]
[Result "1-0"]
[WhiteElo "1790"]
[BlackElo "1274"]
[PlyCount "133"]
[EventDate "2013.??.??"]

1. e4 e5 2. Nf3 Nc6 3. Bc4 Bc5 4. c3 Nf6 5. d4 exd4 6. cxd4 Bb4+ 7. Nc3 d5 8.
exd5 Nxd5 9. O-O Be6 10. Nxd5 Bxd5 11. Qe2+ Be7 12. Bf4 O-O 13. Bxd5 Qxd5 14.
Bxc7 Rfe8 15. Qd3 Bf6 16. Rfd1 Re7 17. Bf4 Rd7 18. Be3 Rad8 19. Qc2 Qb5 20. a4
Qa6 21. Ne5 Nb4 22. Qb3 Bxe5 23. Qxb4 Qf6 24. Rac1 h6 25. h3 Bxd4 26. Bxd4 Rxd4
27. Rxd4 Qxd4 28. Qxb7 Qxa4 29. b3 Qa3 30. Rc7 Qa1+ 31. Kh2 Qe5+ 32. g3 Qf6 33.
Qxa7 Rd2 34. Kg2 Qe6 35. Qa8+ Kh7 36. Qf3 Rd7 37. Rxd7 Qxd7 38. b4 Qb5 39. Qe4+
Kg8 40. Qd4 Qc6+ 41. Kh2 Kf8 42. Qd8+ Qe8 43. Qxe8+ Kxe8 44. Kg2 Kd7 45. Kf3
Kc6 46. Ke4 Kb5 47. Kd5 Kxb4 48. Kd6 Kc3 49. Ke7 Kd2 50. Kxf7 Ke2 51. f4 g5 52.
f5 h5 53. Kg6 g4 54. hxg4 hxg4 55. Kg5 Kf3 56. Kh4 Ke4 57. f6 Ke5 58. f7 Ke6
59. f8=Q Ke5 60. Qf4+ Ke6 61. Kg5 Ke7 62. Qc7+ Ke6 63. Qc5 Kd7 64. Qb6 Kc8 65.
Qa7 Kd8 66. Kf6 Ke8 67. Qe7# 1-0

[Event "Miedzynarodowy Turniej Szachowy Szachowe"]
[Site "WSUS Poznan, ul. Glogowska 26"]
[Date "2013.??.??"]
[Round "1.20"]
[White "Wojciechowska, Martyna"]
[Black "Sklepinski, Artur"]
[Result "0-1"]
[WhiteElo "1265"]
[BlackElo "1772"]
[PlyCount "76"]
[EventDate "2013.??.??"]

1. e4 d5 2. exd5 Qxd5 3. Nc3 Qd6 4. d4 Nf6 5. Nf3 c6 6. Be3 Bg4 7. h3 Bh5 8.
Be2 e6 9. O-O Nbd7 10. Rc1 Qc7 11. Bd3 Bd6 12. g4 Bg6 13. Bg5 Bf4 14. Bxf4 Qxf4
15. Re1 O-O-O 16. Re3 Nb6 17. Qd2 Nfd5 18. Nxd5 Nxd5 19. Bxg6 Nxe3 20. Ne5 Qxe5
21. Qxe3 Qxe3 22. fxe3 hxg6 23. c3 Rxh3 24. Kf2 Rdh8 25. Rg1 Kd7 26. e4 Rd3 27.
Rg3 Rh2+ 28. Kg1 Rdd2 29. b4 Rhe2 30. Kh1 Rxe4 31. a4 Kd6 32. a5 Kd5 33. Rg1
Ree2 34. Rg3 Ke4 35. g5 Kf4 36. Rg2 Rxg2 37. d5 Rge2 38. dxe6 Rd1# 0-1

[Event "Miedzynarodowy Turniej Szachowy Szachowe"]
[Site "WSUS Poznan, ul. Glogowska 26"]
[Date "2013.??.13"]
[Round "1.24"]
[White "Nowak, Mikolaj"]
[Black "Hoffmann, Piotr"]
[Result "0-1"]
[WhiteElo "1613"]
[BlackElo "1725"]
[PlyCount "84"]
[EventDate "2013.??.??"]

1. e4 e5 2. Nf3 Nc6 3. Nc3 Nf6 4. Bc4 Be7 5. d3 d6 6. h3 O-O 7. O-O a6 8. a3
Nd7 9. Be3 Nc5 10. Bxc5 dxc5 11. Bd5 Bf6 12. Bxc6 bxc6 13. Qd2 Be6 14. b3 Qd6
15. Na4 Be7 16. Qc3 f6 17. Kh1 g5 18. Nh2 h5 19. f3 Kf7 20. g4 Rh8 21. Kg2 Rh7
22. Rh1 Rah8 23. gxh5 Rxh5 24. Ng4 Qd4 25. Rae1 Bxg4 26. hxg4 Rxh1 27. Rxh1
Rxh1 28. Kxh1 Qf2 29. Qc4+ Kf8 30. Qxa6 Qxf3+ 31. Kh2 Qxg4 32. Qa8+ Kf7 33.
Qxc6 Qf4+ 34. Kg2 g4 35. Nxc5 Qf3+ 36. Kg1 Qe3+ 37. Kg2 Bxc5 38. Qd7+ Be7 39.
Qd5+ Kg7 40. Qe6 Qf3+ 41. Kg1 Bc5+ 42. Kh2 Qh3# 0-1